[Event "ICS rated bullet match"]
[Site "204.178.125.65"]
[Date "2001.07.06"]
[Round "?"]
[White "Hossa"]
[Black "kex"]
[Result "1-0"]
[WhiteElo "2529"]
[BlackElo "2296"]
[PlyCount "79"]
[EventDate "2001.??.??"]

1. Nf3 d6 2. c4 Nc6 3. d4 e5 4. dxe5 Bg4 5. exd6 Bxd6 6. Qb3 Qe7 7. Qxb7 Rd8 8.
Qxc6+ Bd7 9. Qb7 Nf6 10. Qxa7 O-O 11. Nc3 Ra8 12. Qd4 Rfb8 13. Be3 Bc6 14. c5
Rxb2 15. cxd6 cxd6 16. Bf4 Ne4 17. Nxe4 Bxe4 18. Qxb2 h6 19. Nd4 Qc7 20. Qd2
Qb6 21. e3 Ra3 22. Nb5 Ra5 23. f3 Bc6 24. Nxd6 Rd5 25. Qc3 Rxd6 26. Bxd6 Ba4
27. Qe5 Bc2 28. a4 Qb3 29. Bb5 Qe6 30. Qxe6 fxe6 31. Kd2 Kf7 32. Kxc2 e5 33.
Bc4+ Kf6 34. Kd3 e4+ 35. Kxe4 g5 36. Be5+ Ke7 37. Rhb1 Kd7 38. Rb7+ Kc6 39.
Rc7+ Kb6 40. a5# {kex checkmated} 1-0

[Event "ICS rated bullet match"]
[Site "204.178.125.65"]
[Date "2001.07.06"]
[Round "?"]
[White "kex"]
[Black "Hossa"]
[Result "0-1"]
[WhiteElo "2289"]
[BlackElo "2536"]
[PlyCount "76"]
[EventDate "2001.??.??"]

1. e4 e5 2. Nf3 Nc6 3. Bc4 Nf6 4. b4 Bxb4 5. O-O Nxe4 6. c3 d5 7. d4 Nxc3 8.
Nxc3 Bxc3 9. Bb5 Bxa1 10. Ba3 Bxd4 11. Nxd4 exd4 12. Re1+ Be6 13. Qxd4 Qd7 14.
Qh4 d4 15. f4 d3 16. f5 d2 17. Rd1 a6 18. fxe6 Qxe6 19. Bxc6+ bxc6 20. Rxd2
Qe3+ 21. Qf2 Qxa3 22. Qe2+ Qe7 23. Qf3 Qe1+ 24. Qf1 Qxd2 25. Qc4 Qe1+ 26. Qf1
Qxf1+ 27. Kxf1 O-O-O 28. Kf2 Rhe8 29. Kf3 Rd3+ 30. Kf4 g5+ 31. Kf5 Rd5+ 32. Kf6
Re6+ 33. Kg7 Rg6+ 34. Kh8 Rd8+ 35. Kxh7 Rd2 36. h4 gxh4 37. g4 hxg3 38. Kh8
Rh2# {kex checkmated} 0-1

[Event "ICS rated bullet match"]
[Site "204.178.125.65"]
[Date "2001.07.06"]
[Round "?"]
[White "Hossa"]
[Black "kex"]
[Result "1-0"]
[WhiteElo "2542"]
[BlackElo "2283"]
[PlyCount "89"]
[EventDate "2001.??.??"]

1. Nf3 c6 2. e4 Na6 3. Bxa6 bxa6 4. O-O Rb8 5. d4 g6 6. d5 Bg7 7. dxc6 dxc6 8.
Qxd8+ Kxd8 9. c3 Nf6 10. Ne5 Be6 11. Nxc6+ Kc8 12. Nxb8 Kxb8 13. Bf4+ Kb7 14.
f3 Nh5 15. Bg5 Bf6 16. Bxf6 Nxf6 17. Rd1 Rc8 18. Na3 Nd7 19. c4 Nc5 20. Rac1
Kc7 21. b3 Nb7 22. Nc2 Nd6 23. e5 Nf5 24. Kf2 a5 25. g4 Ng7 26. Nd4 a6 27. Ke3
h6 28. Ke4 h5 29. gxh5 Nxh5 30. Nxe6+ fxe6 31. Rg1 Rg8 32. Rc2 Kc6 33. Rcg2 Rd8
34. Rxg6 Rd2 35. R1g2 Rxg2 36. Rxg2 Kc5 37. Rg5 Kb4 38. Rxh5 Ka3 39. Rh8 Kxa2
40. c5 Kxb3 41. c6 a4 42. c7 a3 43. Rb8+ Ka4 44. c8=Q a5 45. Qe8# {
kex checkmated} 1-0

[Event "ICS rated bullet match"]
[Site "204.178.125.65"]
[Date "2001.07.06"]
[Round "?"]
[White "kex"]
[Black "Hossa"]
[Result "0-1"]
[WhiteElo "2277"]
[BlackElo "2548"]
[PlyCount "82"]
[EventDate "2001.??.??"]

1. d4 Nf6 2. c4 e6 3. Nc3 Bb4 4. Nf3 d5 5. e3 O-O 6. Bd3 c5 7. cxd5 cxd4 8.
exd4 Nxd5 9. O-O Nxc3 10. bxc3 Bxc3 11. Rb1 f5 12. Ba3 Rf7 13. Qb3 Bxd4 14.
Nxd4 Qxd4 15. Rbd1 Qh4 16. Be2 Nc6 17. Bf3 Nd4 18. Qe3 Rd7 19. Bb2 Nxf3+ 20.
Qxf3 Rc7 21. Qe3 Rc4 22. Qe5 Rg4 23. Rd3 Qg5 24. g3 Qe7 25. Rfd1 h6 26. Rd8+
Kh7 27. R8d6 Re4 28. Qc3 e5 29. Rd8 Qe6 30. Rf8 Re2 31. Rf1 Qxa2 32. Qc7 Qxb2
33. Qf7 Be6 34. Qxe6 Rxf8 35. h4 a5 36. h5 b5 37. Qg6+ Kh8 38. g4 fxg4 39.
Qxh6+ gxh6 40. Rc1 Re1+ 41. Kg2 Qxf2# {kex checkmated} 0-1

[Event "ICS rated bullet match"]
[Site "204.178.125.65"]
[Date "2001.07.06"]
[Round "?"]
[White "Hossa"]
[Black "kex"]
[Result "1-0"]
[WhiteElo "2554"]
[BlackElo "2271"]
[PlyCount "65"]
[EventDate "2001.??.??"]

1. Nf3 Nc6 2. d4 a5 3. e4 Nb8 4. Nc3 e6 5. Bd3 a4 6. Bf4 a3 7. bxa3 Bxa3 8. Nb5
Bb4+ 9. c3 Ba5 10. Ne5 Ne7 11. Nc4 d6 12. Nxa5 Rxa5 13. c4 O-O 14. O-O Ng6 15.
Bd2 Bd7 16. Bxa5 Bxb5 17. cxb5 b6 18. Bd2 Nd7 19. Rc1 Qh4 20. Rxc7 Nf6 21. g3
Qh3 22. Be2 h5 23. f3 h4 24. g4 Nxg4 25. fxg4 Qa3 26. Qb3 Qa8 27. Rfxf7 Rxf7
28. Qxe6 Qf8 29. Bc4 d5 30. Bxd5 Kh8 31. Rxf7 Qxf7 32. Qxf7 Nf4 33. Qg8# {
kex checkmated} 1-0

[Event "ICS rated blitz match"]
[Site "204.178.125.65"]
[Date "2001.07.06"]
[Round "?"]
[White "Hossa"]
[Black "salzi"]
[Result "1-0"]
[WhiteElo "2575"]
[BlackElo "2152"]
[PlyCount "46"]
[EventDate "2001.??.??"]

1. Nf3 d5 2. b3 f6 3. d4 e6 4. e3 Bd6 5. c4 c6 6. Bd3 f5 7. cxd5 cxd5 8. Ne5
Qf6 9. f4 Ne7 10. O-O O-O 11. Qh5 g6 12. Qh3 Nbc6 13. Ba3 Bxa3 14. Nxa3 a6 15.
Rac1 Rd8 16. Nc2 Bd7 17. Be2 Be8 18. Ne1 Nxe5 19. fxe5 Qf8 20. Nf3 h6 21. g4
fxg4 22. Qxg4 Qg7 23. Rc7 Bc6 {salzi resigns} 1-0

[Event "ICS Rated blitz match"]
[Site "204.178.125.65"]
[Date "2001.07.06"]
[Round "?"]
[White "salzi"]
[Black "Hossa"]
[Result "0-1"]
[WhiteElo "2149"]
[BlackElo "2578"]
[PlyCount "58"]
[EventDate "2001.??.??"]

1. d4 e6 2. Nf3 Nf6 3. c3 c5 4. e3 d5 5. Bd3 Bd7 6. Nbd2 cxd4 7. cxd4 Nc6 8. a3
Qc7 9. Nb3 Bd6 10. Bd2 O-O 11. Rc1 Rac8 12. Nc5 Rfd8 13. Nxd7 Qxd7 14. Bb5 Ng4
15. h3 Nf6 16. O-O Rc7 17. Qe2 Ne4 18. Rc2 Rdc8 19. Rfc1 Qe7 20. Bxc6 Rxc6 21.
Rxc6 Rxc6 22. Rxc6 bxc6 23. Qd3 Qb7 24. Bc3 Qb3 25. Qa6 Nxc3 26. bxc3 Qb1+ 27.
Qf1 Qa2 28. Qa6 Qa1+ 29. Qf1 Qxc3 {salzi resigns} 0-1

[Event "ICS rated blitz match"]
[Site "204.178.125.65"]
[Date "2001.07.06"]
[Round "?"]
[White "Hossa"]
[Black "salzi"]
[Result "1-0"]
[WhiteElo "2580"]
[BlackElo "2147"]
[PlyCount "41"]
[EventDate "2001.??.??"]

1. Nf3 d5 2. g3 Nc6 3. Bg2 e5 4. O-O e4 5. Ne1 Be6 6. d3 Nf6 7. dxe4 Nxe4 8.
Nd3 Bd6 9. Nf4 Ne7 10. Nxe6 fxe6 11. Bxe4 dxe4 12. Qd4 Nf5 13. Qxe4 Qf6 14.
Qxb7 Kf7 15. Rd1 h5 16. Nc3 Be5 17. Ne4 Qg6 18. Rd7+ Kg8 19. Qxa8+ Kh7 20. Ng5+
Kh6 21. Qxh8+ {salzi resigns} 1-0

[Event "ICS rated standard match"]
[Site "204.178.125.65"]
[Date "2001.07.06"]
[Round "?"]
[White "Hossa"]
[Black "dori"]
[Result "0-1"]
[WhiteElo "2316"]
[BlackElo "2007"]
[PlyCount "74"]
[EventDate "2001.??.??"]

1. Nf3 c5 2. g3 Nc6 3. Bg2 g6 4. d4 cxd4 5. Nxd4 Bg7 6. Nxc6 bxc6 7. O-O Rb8 8.
c3 Nf6 9. e4 O-O 10. e5 Nd5 11. Re1 Bb7 12. Qa4 Qc7 13. Qxa7 Bxe5 14. Qa4 Bg7
15. Bxd5 cxd5 16. Rxe7 Rfe8 17. Qh4 Rxe7 18. Qxe7 Qc6 19. f3 d4 20. Qe2 d3 21.
Qxd3 Re8 22. Nd2 Qc5+ 23. Kf1 Re3 24. Qxd7 Ba6+ 25. c4 Bxc4+ 26. Nxc4 Qxc4+ 27.
Kg2 Qe2+ 28. Kg1 Qe1+ 29. Kg2 Re2+ 30. Kh3 Qf1+ 31. Kh4 Rxh2+ 32. Kg4 Qh3+ 33.
Kf4 Qxd7 34. a3 Bh6+ 35. Ke5 Re2+ 36. Be3 Rxe3+ 37. Kf6 Qd4# {Hossa checkmated}
0-1

[Event "ICS rated blitz match"]
[Site "204.178.125.65"]
[Date "2001.07.06"]
[Round "?"]
[White "pmg"]
[Black "Hossa"]
[Result "1/2-1/2"]
[WhiteElo "2166"]
[BlackElo "2582"]
[PlyCount "64"]
[EventDate "2001.??.??"]

1. e4 d5 2. exd5 Qxd5 3. Nc3 Qa5 4. d4 c6 5. Nf3 Nf6 6. Be2 e6 7. O-O Bd6 8.
Bg5 Nbd7 9. h3 O-O 10. Re1 Ba3 11. Rb1 Bxb2 12. Rxb2 Qxc3 13. Rb3 Qa5 14. Ne5
Nxe5 15. Bxf6 Ng6 16. Be5 Nxe5 17. dxe5 Qxe5 18. Rg3 Qa5 19. Bd3 Qxa2 20. Bxh7+
Kxh7 21. Qh5+ Kg8 22. Rxg7+ Kxg7 23. Qg5+ Kh7 24. Qh5+ Kg8 25. Qg5+ Kh8 26.
Qh5+ Kg8 27. Qg5+ Kh8 28. Qh6+ Kg8 29. Qg5+ Kh8 30. Qh6+ Kg8 31. Qg5+ Kh8 32.
Qh6+ Kg8 {Game drawn by repetition} 1/2-1/2

[Event "ICS Rated blitz match"]
[Site "204.178.125.65"]
[Date "2001.07.06"]
[Round "?"]
[White "Hossa"]
[Black "ChesterX"]
[Result "0-1"]
[WhiteElo "2569"]
[BlackElo "2793"]
[PlyCount "116"]
[EventDate "2001.??.??"]

1. c4 Nf6 2. Nf3 e6 3. Nc3 Bb4 4. a3 Bxc3 5. bxc3 d5 6. e3 O-O 7. Bb2 b6 8.
cxd5 exd5 9. c4 Be6 10. cxd5 Bxd5 11. Be2 c5 12. d3 Nbd7 13. O-O Re8 14. Qa4
Qc7 15. Qh4 Rad8 16. Bc3 Bxf3 17. Bxf3 Ne5 18. Be2 Nxd3 19. Bxf6 gxf6 20. Qg4+
Kh8 21. Qf5 Re5 22. Qxf6+ Kg8 23. Qf3 c4 24. Qg4+ Kh8 25. Qh4 Rc5 26. Ra2 Ne5
27. Qf6+ Kg8 28. Rc2 c3 29. Rfc1 Rd6 30. Qg5+ Ng6 31. Qh6 Rd2 32. Bf1 Rxc2 33.
Rxc2 Qc6 34. Qh3 Qa4 35. Bd3 Qxa3 36. Qd7 Qa1+ 37. Bf1 Qb1 38. Qd8+ Nf8 39. Qd3
Qb3 40. e4 a5 41. Rc1 a4 42. Qg3+ Ng6 43. Qd3 c2 44. Qd8+ Nf8 45. Qd4 a3 46. e5
Qb1 47. Qf4 a2 48. e6 Nxe6 49. Qb8+ Nf8 50. Qg3+ Ng6 51. Qa3 Ra5 52. Qe3 a1=Q
53. Rxb1 cxb1=Q 54. Qe2 Ra2 55. Qc4 Qxf1+ 56. Qxf1 Nf4 57. g3 Qxf1+ 58. Kxf1
Ra1# {Hossa checkmated} 0-1

[Event "ICS Rated blitz match"]
[Site "204.178.125.65"]
[Date "2001.07.06"]
[Round "?"]
[White "CM7K"]
[Black "Hossa"]
[Result "1/2-1/2"]
[WhiteElo "2194"]
[BlackElo "2562"]
[PlyCount "200"]
[EventDate "2001.??.??"]

1. d4 f5 2. e4 fxe4 3. Nc3 Nf6 4. Bg5 e6 5. Nxe4 Be7 6. Bxf6 Bxf6 7. Qh5+ g6 8.
Qh6 Bxd4 9. O-O-O Bf6 10. h4 Qe7 11. Nxf6+ Qxf6 12. h5 Rf8 13. Bd3 gxh5 14.
Qxh7 Rh8 15. Qg6+ Qxg6 16. Bxg6+ Ke7 17. Bxh5 Nc6 18. Ne2 d5 19. Nf4 Kd6 20. c4
d4 21. b4 Nxb4 22. Rxd4+ Ke5 23. Ne2 Nxa2+ 24. Kb2 Nb4 25. Rh3 Nc6 26. Re3+ Kf6
27. Rf4+ Ke7 28. Rf7+ Kd6 29. Bf3 a5 30. Rd3+ Kc5 31. Rxc7 a4 32. Ka3 Kb6 33.
Rg7 Ne5 34. Rc3 Rf8 35. c5+ Ka7 36. Kxa4 Kb8+ 37. Kb3 Ra5 38. Nd4 Rd8 39. c6
Rxd4 40. Rxb7+ Ka8 41. c7 Nxf3 42. Rb8+ Ka7 43. gxf3 Rda4 44. Rxc8 Ra3+ 45. Kc2
Rxc3+ 46. Kxc3 Kb7 47. Rg8 Kxc7 48. Kd4 Kd6 49. Rd8+ Ke7 50. Rc8 e5+ 51. Kd3
Ke6 52. Re8+ Kf5 53. Rf8+ Ke6 54. Rd8 Ra2 55. Ke3 Kf5 56. Rf8+ Ke6 57. f4 exf4+
58. Rxf4 Ra3+ 59. Ke4 Ra4+ 60. Kf3 Ra3+ 61. Kg4 Ke7 62. Rf5 Ra4+ 63. f4 Rb4 64.
Rh5 Kf8 65. Rh7 Rc4 66. Kg5 Rc5+ 67. f5 Rc4 68. Kg6 Rg4+ 69. Kf6 Kg8 70. Re7
Kf8 71. Ra7 Kg8 72. Ra8+ Kh7 73. Ke6 Re4+ 74. Kf7 Rc4 75. f6 Rc7+ 76. Ke6 Rc6+
77. Ke7 Rc7+ 78. Kd6 Rb7 79. Ke5 Rb5+ 80. Ke6 Rb6+ 81. Kf5 Rb5+ 82. Ke4 Rb4+
83. Ke3 Rb3+ 84. Kd4 Rb4+ 85. Kd5 Rb5+ 86. Kc4 Rf5 87. f7 Rxf7 88. Ra6 Rg7 89.
Ra5 Rg6 90. Kd3 Rh6 91. Ke3 Rh4 92. Kf3 Rh3+ 93. Kg4 Rh2 94. Kg3 Rh1 95. Kg2
Re1 96. Kf2 Rh1 97. Kg2 Re1 98. Kf2 Rh1 99. Kg2 Re1 100. Kf2 Rh1 {
Game drawn by repetition} 1/2-1/2

[Event "ICS Rated blitz match"]
[Site "204.178.125.65"]
[Date "2001.07.06"]
[Round "?"]
[White "Hossa"]
[Black "Tinker"]
[Result "0-1"]
[WhiteElo "2561"]
[BlackElo "2535"]
[PlyCount "74"]
[EventDate "2001.??.??"]

1. c4 Nf6 2. Nc3 e5 3. Nf3 Nc6 4. g3 Bb4 5. Bg2 O-O 6. O-O e4 7. Ne1 Bxc3 8.
dxc3 h6 9. c5 Qe7 10. Be3 Ng4 11. Nc2 Qe5 12. Bf4 Qxc5 13. Bxc7 Qh5 14. h3 Nf6
15. Bd6 Re8 16. e3 Qg6 17. Nd4 Rd8 18. Nb5 Nh7 19. Bc7 Re8 20. Nd6 Re7 21. h4
Nf6 22. Bh3 Ne8 23. h5 Qf6 24. Nxe8 Rxe8 25. Bg2 Qg5 26. Rb1 d5 27. Bf4 Qf5 28.
Qe2 Ne5 29. Qb5 Re7 30. Qc5 Nf3+ 31. Bxf3 exf3 32. Qxd5 Qxd5 33. Ra1 Qxh5 34.
Rfd1 Qh3 35. Rd8+ Kh7 36. Rh8+ Kxh8 37. Bxh6 Qg2# {Hossa checkmated} 0-1

[Event "ICS Rated blitz match"]
[Site "204.178.125.65"]
[Date "2001.07.06"]
[Round "?"]
[White "Tinker"]
[Black "Hossa"]
[Result "1-0"]
[WhiteElo "2552"]
[BlackElo "2544"]
[PlyCount "145"]
[EventDate "2001.??.??"]

1. e4 d5 2. exd5 Qxd5 3. Nc3 Qa5 4. d4 c6 5. Nf3 Nf6 6. Bc4 e6 7. Qe2 Bd6 8.
O-O Qc7 9. Ne4 Nxe4 10. Qxe4 b6 11. c3 Bb7 12. Qg4 O-O 13. Bg5 Kh8 14. Bd3 f5
15. Qh5 c5 16. Rfe1 Bxf3 17. Qxf3 cxd4 18. Qxa8 Nc6 19. Qxf8+ Bxf8 20. Rxe6
dxc3 21. bxc3 h6 22. Be3 Kg8 23. Bxf5 Ne7 24. Bc2 Qxc3 25. Rc1 Qb2 26. Bb3 Kh7
27. Rc2 Qa1+ 28. Rc1 Qb2 29. Rc7 Qa1+ 30. Bc1 a5 31. Bc2+ Kg8 32. Bb3 Kh7 33.
Re1 Qf6 34. Be6 Qd4 35. Rd7 Qb4 36. Re2 Qb5 37. Re1 Qb4 38. Bd2 Qb2 39. Be3 b5
40. Bb6 a4 41. Rd4 Nc6 42. Rd7 Ne7 43. Be3 Qe5 44. Bd2 Qb2 45. Bf7 Nc6 46. Bc1
Qc3 47. Rdd1 Qf6 48. Bd5 Bc5 49. Re2 Nd4 50. Re8 Qh4 51. Bb2 g6 52. Rd3 a3 53.
Bxa3 Ne6 54. Bxc5 Nxc5 55. Rf3 Qd4 56. Bg8+ Kh8 57. Bc4+ Kh7 58. Re7+ Qg7 59.
Rxg7+ Kxg7 60. Bxb5 Nb7 61. Rc3 Nd8 62. a4 Ne6 63. a5 Nf4 64. a6 Nd5 65. Rc6
Nb4 66. Rc7+ Kf6 67. a7 Nd5 68. Rc6+ Ke5 69. a8=Q Nf4 70. Rc5+ Kd4 71. Qc6 h5
72. Qd6+ Nd5 73. Qxd5# {Hossa checkmated} 1-0

[Event "ICS rated standard match"]
[Site "204.178.125.65"]
[Date "2001.07.06"]
[Round "?"]
[White "Hossa"]
[Black "CM7K"]
[Result "0-1"]
[WhiteElo "2289"]
[BlackElo "2306"]
[PlyCount "182"]
[EventDate "2001.??.??"]

1. c4 c6 2. d4 d5 3. e3 Nf6 4. cxd5 cxd5 5. Nf3 e6 6. Nc3 Bd6 7. Bd2 O-O 8. Bd3
Nc6 9. O-O Bd7 10. Nb5 Be7 11. Rc1 Qb6 12. Qe2 Rac8 13. Bc3 Rfd8 14. Ng5 a6 15.
Na3 Nb4 16. Bxb4 Bxb4 17. Nc2 Bd6 18. Na1 Qa5 19. a3 Qb6 20. Nf3 Ba4 21. Ne5
Bxe5 22. dxe5 Nd7 23. b4 Nxe5 24. Bxh7+ Kxh7 25. Qh5+ Kg8 26. Rxc8 Rxc8 27.
Qxe5 Qc6 28. h3 Qc3 29. Qg5 Bb5 30. Rd1 Be2 31. Rb1 Qd3 32. Rb2 Rc1+ 33. Kh2 f6
34. Qg3 Rxa1 35. Qd6 e5 36. Qb8+ Kh7 37. Qe8 Qd1 38. Qd7 Bc4 39. Qf5+ Kh6 40.
Qc8 Rxa3 41. Qh8+ Kg6 42. g4 Kf7 43. Qh5+ Ke7 44. Qh8 d4 45. Qxg7+ Bf7 46. g5
fxg5 47. Qxe5+ Kd7 48. Qg7 Qf3 49. Qxd4+ Bd5 50. Qg7+ Kc6 51. Qxg5 Rb3 52. Rc2+
Kb6 53. Qg4 Qxg4 54. hxg4 Rxb4 55. Kg3 Rb1 56. f3 a5 57. e4 Bb3 58. Rc8 a4 59.
Ra8 Kc5 60. Kf4 Kb4 61. Ra7 a3 62. Rxb7+ Kc5 63. Ra7 a2 64. Ke5 a1=Q+ 65. Rxa1
Rxa1 66. g5 Ra8 67. g6 Re8+ 68. Kf5 Rf8+ 69. Kg4 Kd4 70. Kg3 Rf6 71. Kf2 Rxg6
72. Ke2 Rf6 73. e5 Kxe5 74. Ke3 Bd5 75. f4+ Rxf4 76. Kd3 Rf3+ 77. Ke2 Ke4 78.
Kd2 Bc4 79. Kc2 Kd4 80. Kb2 Bg8 81. Kc2 Bh7+ 82. Kb2 Kc4 83. Kc1 Rf2 84. Kd1
Bg8 85. Ke1 Ra2 86. Kf1 Kd3 87. Kg1 Ke3 88. Kh1 Kf3 89. Kg1 Be6 90. Kh1 Kg3 91.
Kg1 Ra1# {Hossa checkmated} 0-1

[Event "ICS rated blitz match"]
[Site "204.178.125.65"]
[Date "2001.07.06"]
[Round "?"]
[White "Hossa"]
[Black "Monsert"]
[Result "1-0"]
[WhiteElo "2514"]
[BlackElo "2200"]
[PlyCount "61"]
[EventDate "2001.??.??"]

1. c4 Nf6 2. Nc3 g6 3. e4 d6 4. d4 Bg7 5. Nf3 O-O 6. Be2 e5 7. Be3 Ng4 8. Bg5
f6 9. Bh4 Nc6 10. O-O g5 11. d5 Ne7 12. Bg3 Ng6 13. Nxg5 Nxh2 14. Nxh7 Nxf1 15.
Nxf8 Nxg3 16. Nxg6 Nxe2+ 17. Qxe2 Qe8 18. Qh5 a6 19. Rf1 Bd7 20. f4 Qf7 21. f5
Be8 22. Rf3 b5 23. Rh3 Qd7 24. Qh7+ Kf7 25. Rg3 b4 26. Nxe5+ Ke7 27. Rxg7+ Kd8
28. Rxd7+ Kc8 29. Rxc7+ Kb8 30. Rb7+ Kc8 31. Qc7# {Monsert checkmated} 1-0

[Event "ICS rated blitz match"]
[Site "204.178.125.65"]
[Date "2001.07.06"]
[Round "?"]
[White "Malukulu"]
[Black "Hossa"]
[Result "1-0"]
[WhiteElo "2860"]
[BlackElo "2519"]
[PlyCount "123"]
[EventDate "2001.??.??"]

1. d4 d5 2. c4 c6 3. Nf3 Nf6 4. Nc3 dxc4 5. a4 c5 6. e3 Be6 7. Be2 Nc6 8. O-O
cxd4 9. exd4 Na5 10. Be3 g6 11. Bf4 Bg7 12. Nb5 Nd5 13. Be5 Bxe5 14. Nxe5 a6
15. Nc3 f6 16. Nf3 Nb3 17. Ra3 Nf4 18. Re1 g5 19. d5 Bg4 20. Bxc4 Bxf3 21. Qxb3
Nxg2 22. Re6 Kf8 23. Qxb7 Nf4 24. Re3 g4 25. Rb3 e6 26. Qb4+ Kg7 27. Bxa6 Nh3+
28. Kf1 exd5 29. Bb7 Ra5 30. Nb5 Kg6 31. Nd4 Qc7 32. Nxf3 gxf3 33. Rxf3 Qc4+
34. Qxc4 dxc4 35. Rb4 Ng5 36. Rc3 Rd8 37. Rbxc4 Rb8 38. Rb3 Re5 39. f4 Rf5 40.
a5 Ne6 41. a6 Nxf4 42. a7 Re8 43. Be4 Rxe4 44. Rxe4 Ne6+ 45. Ke1 Nc7 46. Rg4+
Kh5 47. Rg7 Re5+ 48. Kd2 Kh6 49. Rxc7 Ra5 50. Ra3 Rxa7 51. Raxa7 Kg5 52. b4 Kf4
53. b5 Ke5 54. b6 Kd6 55. Rd7+ Kc6 56. b7 Kxd7 57. b8=Q+ Ke6 58. Qe8+ Kd5 59.
Rd7+ Kc4 60. Qc8+ Kb3 61. Rb7+ Ka4 62. Qa8# {Hossa checkmated} 1-0

[Event "ICS Rated blitz match"]
[Site "204.178.125.65"]
[Date "2001.07.06"]
[Round "?"]
[White "Hossa"]
[Black "Tinker"]
[Result "1-0"]
[WhiteElo "2515"]
[BlackElo "2568"]
[PlyCount "93"]
[EventDate "2001.??.??"]

1. c4 Nf6 2. Nc3 e5 3. Nf3 Nc6 4. g3 Bb4 5. Bg2 O-O 6. O-O e4 7. Ne1 Bxc3 8.
dxc3 h6 9. c5 Qe7 10. b4 d5 11. cxd6 cxd6 12. Nc2 Re8 13. Bf4 d5 14. Qd2 Ne5
15. Bxe5 Qxe5 16. e3 Qh5 17. Rfd1 Bh3 18. a4 Rac8 19. Rac1 Red8 20. Nd4 Bxg2
21. Kxg2 Ng4 22. h3 Ne5 23. Rc2 Qg6 24. Rdc1 Rc4 25. Rg1 Nd3 26. a5 Rdc8 27.
Ra1 Qf6 28. a6 bxa6 29. Rca2 Rxc3 30. Rxa6 Qe7 31. b5 R3c7 32. Qa5 Rd7 33. Rxa7
Rxa7 34. Qxa7 Qf6 35. Qa2 Rb8 36. Qd2 Ne5 37. Ra6 Qe7 38. Qe2 Re8 39. Qa2 Qb7
40. Ra7 Qb8 41. Qa6 Qd8 42. b6 Kh7 43. b7 Nd7 44. Ra8 Qe7 45. Rc8 Nb8 46. Qa8
Qe5 47. Nc6 {Tinker resigns} 1-0

[Event "ICS rated blitz match"]
[Site "204.178.125.65"]
[Date "2001.07.06"]
[Round "?"]
[White "Tinker"]
[Black "Hossa"]
[Result "0-1"]
[WhiteElo "2550"]
[BlackElo "2533"]
[PlyCount "150"]
[EventDate "2001.??.??"]

1. e4 e5 2. Nf3 Nf6 3. Nxe5 d6 4. Nf3 Nxe4 5. d4 d5 6. Bd3 Nc6 7. O-O Bg4 8.
Re1 Be7 9. c4 Bxf3 10. Qxf3 Nf6 11. cxd5 Qxd5 12. Qxd5 Nxd5 13. Nc3 O-O-O 14.
Be4 Bb4 15. Bd2 Nxd4 16. Bxd5 Bxc3 17. bxc3 Nc2 18. Bxb7+ Kxb7 19. Rab1+ Kc6
20. Re2 Rhe8 21. Rxe8 Rxe8 22. Kf1 Re4 23. Rb3 Ra4 24. Rb2 Na3 25. Bc1 Nc4 26.
Re2 h5 27. Ke1 Ra5 28. Bf4 g5 29. Bc1 g4 30. Re4 Ne5 31. Kd1 Nd3 32. Re2 a6 33.
Be3 Kd5 34. c4+ Kxc4 35. Rc2+ Kd5 36. Rxc7 Rxa2 37. Rxf7 Ke6 38. Rf8 a5 39. Bd2
h4 40. Ke2 Nc5 41. Ke3 Ra3+ 42. Ke2 Ne4 43. Be1 Nf6 44. Rh8 h3 45. gxh3 gxh3
46. f3 Ra2+ 47. Bd2 Nd5 48. Kd1 Ra1+ 49. Kc2 Ra2+ 50. Kd3 Ra3+ 51. Ke2 Ra2 52.
Rh6+ Ke5 53. Rh5+ Kd4 54. Rh4+ Kc5 55. Kd1 Ra1+ 56. Kc2 a4 57. Rxh3 Rf1 58. Bh6
Rf2+ 59. Kd1 Kc4 60. Ke1 Rg2 61. Rh4+ Kb3 62. Rd4 Rxh2 63. Bf8 Nc3 64. Rb4+ Kc2
65. Rg4 Re2+ 66. Kf1 Re8 67. Bd6 Re3 68. Kg2 Rd3 69. Bf8 Rd8 70. Bb4 Ra8 71.
Rc4 Kb3 72. Rxc3+ Kxb4 73. Rc1 a3 74. f4 a2 75. Ra1 Kb3 {Tinker resigns} 0-1

[Event "ICS rated blitz match"]
[Site "204.178.125.65"]
[Date "2001.07.06"]
[Round "?"]
[White "Hossa"]
[Black "Tinker"]
[Result "1-0"]
[WhiteElo "2550"]
[BlackElo "2533"]
[PlyCount "91"]
[EventDate "2001.??.??"]

1. c4 Nf6 2. Nc3 e5 3. Nf3 Nc6 4. g3 Bb4 5. Bg2 O-O 6. O-O e4 7. Ne1 Bxc3 8.
dxc3 h6 9. c5 Qe7 10. b4 Ne5 11. Bf4 d5 12. cxd6 cxd6 13. Nc2 Nc4 14. Ne3 Nxe3
15. Bxe3 Bg4 16. Bd4 Qe6 17. f3 Bh5 18. Bxf6 Qxf6 19. Qd5 Bg6 20. Rac1 e3 21.
Qxb7 Rfb8 22. Qd5 Re8 23. f4 Rab8 24. a3 Bf5 25. c4 Bg4 26. Qd3 Bf5 27. Qc3 Qe6
28. Qd4 Rbc8 29. Qxa7 Rxc4 30. Qb7 Be4 31. Bxe4 Rxe4 32. f5 Qf6 33. Rc7 Kf8 34.
a4 R4e5 35. Rc8 Rxc8 36. Qxc8+ Re8 37. Qd7 Qe5 38. a5 Re7 39. Qd8+ Re8 40. Qc7
Kg8 41. a6 Qd5 42. a7 Ra8 43. Qb8+ Kh7 44. b5 Rxa7 45. Qxa7 Qxb5 46. Qxf7 {
Tinker resigns} 1-0

[Event "ICS rated standard match"]
[Site "204.178.125.65"]
[Date "2001.07.06"]
[Round "?"]
[White "BrazilianMaster"]
[Black "Hossa"]
[Result "1-0"]
[WhiteElo "2637"]
[BlackElo "2288"]
[PlyCount "111"]
[EventDate "2001.??.??"]

1. e4 e5 2. Nf3 Nc6 3. Bb5 a6 4. Ba4 Nf6 5. Nc3 Bc5 6. d3 d6 7. Bg5 b5 8. Bb3
Bd7 9. Nd5 a5 10. a4 bxa4 11. Bxa4 h6 12. Bxf6 gxf6 13. Nd2 Rg8 14. Nb3 Rxg2
15. Nxc5 dxc5 16. Qh5 Rg6 17. f4 Nb4 18. f5 Rg5 19. Bxd7+ Qxd7 20. Nxf6+ Ke7
21. Qxg5 Nxc2+ 22. Kd2 hxg5 23. Nxd7 Nxa1 24. Nxe5 Nb3+ 25. Kc3 a4 26. h4 gxh4
27. Rxh4 Kf6 28. Nc6 Kg7 29. e5 Ra6 30. f6+ Kg6 31. e6 fxe6 32. Rf4 Ra8 33.
Ne5+ Kh6 34. f7 Rf8 35. Nd7 Nd4 36. Nxf8 Ne2+ 37. Kc4 Nxf4 38. Nd7 Ng6 39. f8=R
Nxf8 40. Nxf8 e5 41. Ne6 Kg6 42. Nxc7 Kf5 43. Na6 Kf4 44. Nxc5 Kf5 45. Nxa4 Ke6
46. d4 Kf7 47. dxe5 Ke6 48. Nc5+ Kf5 49. e6 Ke5 50. e7 Kf4 51. e8=Q Kg4 52.
Qg6+ Kf4 53. Ne4 Ke3 54. Qf5 Ke2 55. Qf2+ Kd1 56. Qd2# {Hossa checkmated} 1-0

[Event "ICS rated bullet match"]
[Site "204.178.125.65"]
[Date "2001.07.06"]
[Round "?"]
[White "Yace"]
[Black "Hossa"]
[Result "1-0"]
[WhiteElo "2576"]
[BlackElo "2559"]
[PlyCount "103"]
[EventDate "2001.??.??"]

1. e4 e5 2. Nf3 Nf6 3. Nxe5 d6 4. Nf3 Nxe4 5. d4 d5 6. Bd3 Nc6 7. O-O Bg4 8. c4
Nf6 9. cxd5 Nxd5 10. h3 Bxf3 11. Qxf3 Nxd4 12. Qe4+ Ne6 13. Bc4 c6 14. Rd1 Bd6
15. Bxd5 cxd5 16. Qxd5 Bc5 17. Nc3 Qxd5 18. Nxd5 Rc8 19. Be3 Bxe3 20. Nxe3 Rc5
21. b4 Re5 22. Rac1 Rf8 23. Rd2 b5 24. Nd5 f6 25. f4 Re4 26. f5 Nd4 27. Rc5 a6
28. Kf2 g5 29. g3 Kf7 30. Rc7+ Kg8 31. Nc3 Rfe8 32. Nxe4 Rxe4 33. g4 Kh8 34.
Rf7 Nc6 35. Rxf6 Rc4 36. Rd7 Kg8 37. Re6 Kf8 38. a3 a5 39. Rdd6 Nd4 40. Rd8+
Kf7 41. Rd7+ Kf8 42. Ra6 Ke8 43. Rxh7 Nc6 44. Ra8+ Nd8 45. Raa7 Nf7 46. Rhxf7
axb4 47. Rh7 Rc2+ 48. Ke3 Rc3+ 49. Kd2 Rc2+ 50. Kxc2 b3+ 51. Kxb3 Kf8 52. Rh8#
{Hossa checkmated} 1-0

[Event "ICS rated bullet match"]
[Site "204.178.125.65"]
[Date "2001.07.06"]
[Round "?"]
[White "Hossa"]
[Black "Yace"]
[Result "0-1"]
[WhiteElo "2544"]
[BlackElo "2591"]
[PlyCount "148"]
[EventDate "2001.??.??"]

1. c4 e6 2. g3 d5 3. Bg2 Nf6 4. cxd5 exd5 5. Nf3 Bd6 6. Nc3 c6 7. O-O O-O 8. d3
Re8 9. Bd2 Bg4 10. h3 Bxf3 11. Bxf3 d4 12. Ne4 Nxe4 13. Bxe4 Nd7 14. Qc2 Nf6
15. Bg5 Be7 16. Bf3 Qa5 17. Bf4 Rad8 18. Qb3 Rd7 19. Qc4 Nd5 20. Bg4 Rdd8 21.
Qxd4 Bf6 22. Qc4 Nxf4 23. gxf4 Rd4 24. Qc2 h5 25. e3 Rb4 26. Bf3 Rxb2 27. Qc1
Rd2 28. d4 c5 29. Qc4 cxd4 30. Bd5 Kf8 31. Rad1 dxe3 32. fxe3 Rxd1 33. Rxd1 Qb6
34. Kg2 Qxe3 35. Bxb7 Qe2+ 36. Qxe2 Rxe2+ 37. Kf3 Rxa2 38. Rd7 Ra3+ 39. Ke4 g6
40. Bd5 Be7 41. Rc7 Rxh3 42. Rxa7 Rh1 43. Rb7 Rd1 44. Bb3 f5+ 45. Ke5 Re1+ 46.
Kd5 h4 47. Rb8+ Kf7 48. Kc6+ Kg7 49. Bd5 h3 50. Rb3 h2 51. Rh3 Re2 52. Bc4 Rc2
53. Kd5 Bb4 54. Bd3 Rf2 55. Bb5 Bd2 56. Ke6 Bxf4 57. Bc4 Rf3 58. Rh4 g5 59. Rh5
Kg6 60. Rh8 Re3+ 61. Kd5 g4 62. Kc5 Re5+ 63. Kc6 Bh6 64. Rg8+ Bg7 65. Bd5 Rxd5
66. Kxd5 h1=Q+ 67. Kc5 g3 68. Rd8 g2 69. Kb5 g1=Q 70. Rd6+ Kh5 71. Rd7 Qe4 72.
Rd1 Qb7+ 73. Kc4 Qxd1 74. Kc5 Qd4# {Hossa checkmated} 0-1